| 000 | 01305nam0a22002771 4500 | ||
|---|---|---|---|
| 001 | rc\3468535 | ||
| 005 | 20130115125100.5 | ||
| 021 |
_aRU _b[69-60719] |
||
| 035 | _a(NLR Aleph) 007898878 | ||
| 090 |
_a8025312 _c8025312 |
||
| 100 | _a20130115d1969 |||y0rusy50 ca | ||
| 101 | 0 | _arus | |
| 102 | _aRU | ||
| 105 | _aa z ||||| | ||
| 200 | 1 |
_aОчистка бытовых и промышленных сточных вод в Ленинграде и области _eМатериалы к краткосрочному семинару 15-17 июня 1969 г. _fПод ред. д-ра техн. наук проф. С.М. Шифрина _gЛенингр. организация о-ва "Знание" РСФСР. Ленингр. дом науч.-техн. пропаганды |
|
| 210 |
_aЛенинград _cБ. и. _d1969 |
||
| 215 |
_a94 с. _cчерт. _d19 |
||
| 320 | _aБиблиогр. в конце докладов | ||
| 606 |
_aСточные воды _xОчистка _jСборники _2psbo |
||
| 702 | 1 |
_aШифрин _bС. М. _gСемен Маркович _4340 |
|
| 712 | 0 | 2 |
_aЛенинградский дом науч.-техн. пропаганды _3RU\NLR\AUTH\889940416 |
| 801 | 0 |
_aRU _bNLR _gpsbo |
|
| 801 | 1 |
_aRU _bELAR _2rusmarc |
|
| 852 |
_aNLR _j69-4/16613 |
||
| 942 | _cBOOK | ||
| 980 | _aNB | ||